[Event "RUS-ch rapid"]
[Site "Sochi"]
[Date "2019.10.16"]
[Round "9"]
[White "Ulybin, Mikhail"]
[Black "Kurbedinov, Ramis"]
[Result "1-0"]
[WhiteElo "2455"]
[BlackElo "2280"]
[PlyCount "50"]
[EventDate "2019.10.15"]
[EventType "swiss"]
[EventRounds "11"]
[EventCountry "RUS"]
[SourceTitle "CBM 192 Extra"]
[Source "Chessbase"]
[SourceDate "2019.11.06"]
[SourceVersion "1"]
[SourceVersionDate "2019.11.06"]
[SourceQuality "1"]

1. d4 Nf6 2. c4 e6 3. g3 d5 4. Bg2 Be7 5. Nf3 0-0 6. 0-0 dxc4 7. Qc2 a6 8. Qxc4 b5 9. Qc2 Bb7 10. Bd2 Be4 11. Qc1 Nbd7 12. Ba5 Ra7 13. Nbd2 Bd5 14. Re1 Qa8 15. e4 Bb7 16. b4 Rd8 17. Qc3 Nb8 18. Ne5 Nfd7 19. Nb3 Nxe5 20. dxe5 Nc6 21. Rad1 Rxd1 22. Rxd1 Nxa5 23. Nxa5 Bxe4 24. Bxe4 Qxe4 25. Nc6 Bf8 1-0

[Event "RUS-ch rapid"]
[Site "Sochi"]
[Date "2019.10.15"]
[Round "2"]
[White "Kurbedinov, Ramis"]
[Black "Belyakov, Bogdan"]
[Result "0-1"]
[WhiteElo "2305"]
[BlackElo "2506"]
[PlyCount "70"]
[EventDate "2019.10.15"]
[EventType "swiss"]
[EventRounds "11"]
[EventCountry "RUS"]
[SourceTitle "CBM 192 Extra"]
[Source "Chessbase"]
[SourceDate "2019.11.06"]
[SourceVersion "1"]
[SourceVersionDate "2019.11.06"]
[SourceQuality "1"]

1. Nf3 Nf6 2. c4 g6 3. Nc3 Bg7 4. d4 0-0 5. g3 d6 6. Bg2 Nc6 7. 0-0 a6 8. h3 Bd7 9. d5 Na5 10. Qd3 c5 11. Nd2 b5 12. Rb1 bxc4 13. Nxc4 Nxc4 14. Qxc4 Qc8 15. Kh2 Rb8 16. Qd3 Rb4 17. Qc2 Qb7 18. b3 Rb8 19. Bd2 Rb6 20. e4 h5 21. f4 Qc7 22. Rbe1 Qc8 23. e5 Bf5 24. Qd1 Ne8 25. e6 Nf6 26. exf7+ Kxf7 27. Ne4 Nxe4 28. Bxe4 c4 29. Be3 Rb4 30. Bxf5 Qxf5 31. g4 hxg4 32. hxg4 Qf6 33. bxc4 Rxc4 34. Kg3 Rb2 35. Re2 Rbb4 0-1

[Event "RUS-ch rapid"]
[Site "Sochi"]
[Date "2018.10.05"]
[Round "3.29"]
[White "Kurbedinov, Ramis"]
[Black "Belyakov, Bogdan"]
[Result "0-1"]
[WhiteElo "2305"]
[BlackElo "2458"]
[PlyCount "112"]
[EventDate "2018.10.05"]
[EventType "swiss (rapid)"]
[EventRounds "11"]
[EventCountry "RUS"]
[SourceTitle "CBM 186 Extra"]
[Source "ChessBase"]
[SourceDate "2018.08.24"]
[SourceVersion "1"]
[SourceVersionDate "2018.08.24"]
[SourceQuality "1"]

1. Nf3 d5 2. e3 Bg4 3. c4 dxc4 4. Bxc4 e6 5. Qb3 Bxf3 6. gxf3 Qc8 7. d4 Nf6 8. Nc3 Be7 9. d5 e5 10. d6 cxd6 11. Bxf7+ Kf8 12. Be6 Qc7 13. Nd5 Nxd5 14. Bxd5 Nc6 15. Bd2 Qb6 16. Qxb6 axb6 17. a3 Ke8 18. h4 Bf6 19. 0-0-0 h5 20. Kb1 Ra4 21. Be4 d5 22. Bxd5 Rxh4 23. Bc3 Rxh1 24. Rxh1 Ke7 25. Bb4+ Kd7 26. Be4 Nxb4 27. axb4 Kc7 28. b5 h4 29. Bf5 Kd6 30. Bh3 Kc5 31. Rd1 Kxb5 32. Kc2 Kc6 33. Kb3 b5 34. Bd7+ Kc5 35. Bh3 Re8 36. Rd7 Kb6 37. Rd6+ Kc5 38. Rd7 e4 39. f4 Rd8 40. Rxd8 Bxd8 41. Kc2 Ba5 42. Kd1 Kc4 43. Ke2 Kb3 44. Bg2 Kxb2 45. Bxe4 b6 46. Bd3 b4 47. Kf3 Kc3 48. Bb1 b5 49. Kg4 Bd8 50. e4 b3 51. e5 b2 52. f5 Kd2 53. f6 gxf6 54. e6 Kc1 55. Bf5 b1Q 56. Bxb1 Kxb1 0-1

[Event "RUS-ch rapid"]
[Site "Sochi"]
[Date "2018.10.05"]
[Round "5.30"]
[White "Kurbedinov, Ramis"]
[Black "Kryakvin, Dmitry"]
[Result "1/2-1/2"]
[WhiteElo "2305"]
[BlackElo "2595"]
[PlyCount "86"]
[EventDate "2018.10.05"]
[EventType "swiss (rapid)"]
[EventRounds "11"]
[EventCountry "RUS"]
[SourceTitle "CBM 186 Extra"]
[Source "ChessBase"]
[SourceDate "2018.08.24"]
[SourceVersion "1"]
[SourceVersionDate "2018.08.24"]
[SourceQuality "1"]

1. Nf3 d5 2. e3 c6 3. c4 Nf6 4. Nc3 e6 5. b3 Nbd7 6. Bb2 Bd6 7. d4 0-0 8. Bd3 dxc4 9. bxc4 e5 10. 0-0 Re8 11. Qc2 exd4 12. exd4 Nf8 13. Rfe1 Rxe1+ 14. Rxe1 Ng6 15. Ne4 Bg4 16. Ne5 Bxe5 17. dxe5 Nxe4 18. Bxe4 Qg5 19. Bxg6 Qxg6 20. Qxg6 hxg6 21. Ba3 Be6 22. Rc1 b6 23. Bd6 c5 24. a4 g5 25. h3 Rc8 26. a5 f6 27. axb6 axb6 28. f4 gxf4 29. exf6 g5 30. h4 gxh4 31. Bxf4 Kf7 32. Be5 Rg8 33. Bc7 Rg4 34. Bxb6 Bxc4 35. Bxc5 Bd5 36. Rc2 h3 37. g3 Kxf6 38. Kh2 Be6 39. Rf2+ Kg6 40. Rf4 Rg5 41. Bd4 Bf5 42. g4 Bxg4 43. Bf6 Rh5 1/2-1/2

[Event "RUS-chT2"]
[Site "Sochi"]
[Date "2018.05.04"]
[Round "4.10"]
[White "Kurbedinov, Ramis"]
[Black "Kuzub, Pavel"]
[Result "1-0"]
[WhiteElo "2309"]
[BlackElo "2033"]
[PlyCount "73"]
[EventDate "2018.05.01"]
[EventType "team-swiss"]
[EventRounds "9"]
[EventCountry "RUS"]
[SourceTitle "CBM 184 Extra"]
[Source "ChessBase"]
[SourceDate "2018.06.28"]
[SourceVersion "1"]
[SourceVersionDate "2018.06.28"]
[SourceQuality "1"]
[WhiteTeam "Our Crimea"]
[BlackTeam "Moscow Academy Kuzuba"]
[WhiteTeamCountry "RUS"]
[BlackTeamCountry "RUS"]

1. Nf3 Nf6 2. c4 c6 3. Nc3 d5 4. e3 e6 5. b3 Nbd7 6. Bb2 Be7 7. d4 b6 8. Bd3 Bb7 9. 0-0 0-0 10. Qe2 Qc7 11. Rac1 Rfe8 12. Rfd1 Rac8 13. e4 dxe4 14. Nxe4 Nxe4 15. Qxe4 Nf8 16. c5 Bf6 17. Ne5 b5 18. b4 a5 19. a3 Ra8 20. Bc2 axb4 21. axb4 g6 22. Bb3 Bg7 23. Qf4 Qe7 24. g4 h6 25. Re1 Qf6 26. Qg3 g5 27. Rc3 Ng6 28. Rf3 Nf4 29. Re4 Qe7 30. Rexf4 gxf4 31. Qxf4 Rf8 32. Qe4 Qg5 33. Nxf7 Qe7 34. Qg6 Rxf7 35. Rxf7 Qxf7 36. Bxe6 Rf8 37. d5 1-0

[Event "RUS-chT blitz"]
[Site "Sochi"]
[Date "2017.10.05"]
[Round "3"]
[White "Kurbedinov, Ramis"]
[Black "Fedoseev, Vladimir1111"]
[Result "1/2-1/2"]
[WhiteElo "2309"]
[BlackElo "2733"]
[PlyCount "107"]
[EventDate "2017.10.05"]
[EventType "team-swiss (blitz)"]
[EventRounds "15"]
[EventCountry "RUS"]
[SourceTitle "CBM 181 Extra"]
[Source "ChessBase"]
[SourceDate "2017.12.12"]
[SourceVersion "1"]
[SourceVersionDate "2017.12.12"]
[SourceQuality "1"]
[WhiteTeam "Our Crimea Republic of Crimea"]
[BlackTeam "Samara Bukavshin"]
[WhiteTeamCountry "RUS"]
[BlackTeamCountry "RUS"]

1. d4 Nf6 2. c4 e6 3. Nf3 d5 4. Nc3 Be7 5. Bg5 0-0 6. e3 b6 7. cxd5 exd5 8. Bd3 Bb7 9. 0-0 Nbd7 10. Rc1 h6 11. Bh4 c5 12. dxc5 bxc5 13. Bb1 Rb8 14. Qc2 g6 15. Rfd1 Re8 16. h3 Qa5 17. a3 d4 18. exd4 Bxf3 19. gxf3 cxd4 20. Rxd4 Ne5 21. Kg2 Qb6 22. Rcd1 Qxb2 23. Bg3 Qxc2 24. Bxc2 Bxa3 25. Nd5 Nh5 26. Re4 Bb2 27. Ba4 Re6 28. f4 Nd7 29. Rxe6 fxe6 30. Bxd7 exd5 31. Rxd5 Nf6 32. Be6+ Kf8 33. Ra5 Rb6 34. Ba2 a6 35. Bc4 Rb4 36. Bxa6 Rd4 37. Be2 Nd5 38. f5 gxf5 39. Bf3 Ne7 40. Ra7 Ba3 41. Rxa3 f4 42. Bh4 Nf5 43. Bf6 Rd6 44. Be5 Nh4+ 45. Kf1 Re6 46. Bxf4 Rf6 47. Ra8+ Ke7 48. Ra7+ Kf8 49. Ra8+ Ke7 50. Ra7+ Kf8 51. Ra8+ Ke7 52. Ra7+ Kf8 53. Ra8+ Ke7 54. Ra7+ 1/2-1/2

[Event "RUS-chT blitz"]
[Site "Sochi"]
[Date "2017.10.05"]
[Round "8"]
[White "Sarana, Alexey"]
[Black "Kurbedinov, Ramis"]
[Result "1-0"]
[WhiteElo "2543"]
[BlackElo "2309"]
[PlyCount "83"]
[EventDate "2017.10.05"]
[EventType "team-swiss (blitz)"]
[EventRounds "15"]
[EventCountry "RUS"]
[SourceTitle "CBM 181 Extra"]
[Source "ChessBase"]
[SourceDate "2017.12.12"]
[SourceVersion "1"]
[SourceVersionDate "2017.12.12"]
[SourceQuality "1"]
[WhiteTeam "Moscow Locomotive"]
[BlackTeam "Our Crimea Republic of Crimea"]
[WhiteTeamCountry "RUS"]
[BlackTeamCountry "RUS"]

1. e4 e5 2. Nf3 Nc6 3. Bb5 a6 4. Ba4 Nf6 5. 0-0 Be7 6. Re1 b5 7. Bb3 0-0 8. d3 d6 9. a4 b4 10. Nbd2 Be6 11. Nc4 Re8 12. Ng5 Nd4 13. Nxe6 fxe6 14. Ba2 b3 15. cxb3 Rb8 16. Bd2 c5 17. Bc3 Rf8 18. a5 Qe8 19. Nb6 Bd8 20. b4 cxb4 21. Bxb4 Bxb6 22. axb6 Qc6 23. Bc3 Qxb6 24. Bc4 Ra8 25. h3 Kh8 26. Qd2 Nd7 27. Ra3 Nb5 28. Ba5 Qc6 29. Raa1 Nb6 30. Bxe6 Nc7 31. Ba2 Qb5 32. Bc3 Na4 33. Bc4 Qd7 34. Bd5 Rab8 35. Bd4 exd4 36. b3 Nc3 37. Bc4 Rf6 38. Qg5 Rbf8 39. e5 dxe5 40. Rxe5 Rxf2 41. Rae1 h6 42. Qg3 1-0

[Event "RUS-chT rapid"]
[Site "Sochi"]
[Date "2017.10.03"]
[Round "3.1"]
[White "Grachev, Boris V"]
[Black "Kurbedinov, Ramis"]
[Result "1-0"]
[WhiteElo "2645"]
[BlackElo "2309"]
[PlyCount "67"]
[EventDate "2017.10.03"]
[EventType "team-swiss (rapid)"]
[EventRounds "9"]
[EventCountry "RUS"]
[SourceTitle "EXT 2018"]
[Source "ChessBase"]
[SourceDate "2017.10.13"]
[SourceVersion "1"]
[SourceVersionDate "2017.10.13"]
[SourceQuality "1"]
[WhiteTeam "Legends of Moscow"]
[BlackTeam "Our Crimea Republic of Crimea"]
[WhiteTeamCountry "RUS"]
[BlackTeamCountry "RUS"]

1. d4 Nf6 2. c4 e6 3. Nf3 Bb4+ 4. Bd2 Qe7 5. Nc3 b6 6. g3 Bb7 7. Bg2 0-0 8. 0-0 d6 9. Qc2 Nbd7 10. Rac1 Bxc3 11. Bxc3 Be4 12. Qd2 c5 13. Rfd1 d5 14. dxc5 bxc5 15. cxd5 exd5 16. b4 d4 17. Ba1 cxb4 18. Qxd4 Nb6 19. Qe3 Nbd5 20. Bxf6 Nxe3 21. Bxe7 Nxd1 22. Rxd1 Rfe8 23. Bxb4 Red8 24. Nd4 Bxg2 25. Kxg2 a5 26. Ba3 Rac8 27. Rd2 Rc4 28. e3 Ra4 29. Bc5 Rc8 30. Nf5 Ra8 31. Nd6 h6 32. a3 Ra6 33. e4 Rc6 34. Rd5 1-0

[Event "RUS-chT rapid"]
[Site "Sochi"]
[Date "2017.10.03"]
[Round "1.1"]
[White "Mamedyarov, Shakhriyar"]
[Black "Kurbedinov, Ramis"]
[Result "1-0"]
[WhiteElo "2791"]
[BlackElo "2309"]
[PlyCount "73"]
[EventDate "2017.10.03"]
[EventType "team-swiss (rapid)"]
[EventRounds "9"]
[EventCountry "RUS"]
[SourceTitle "EXT 2018"]
[Source "ChessBase"]
[SourceDate "2017.10.13"]
[SourceVersion "1"]
[SourceVersionDate "2017.10.13"]
[SourceQuality "1"]
[WhiteTeam "Urals Sima Land"]
[BlackTeam "Our Crimea Republic of Crimea"]
[WhiteTeamCountry "RUS"]
[BlackTeamCountry "RUS"]

1. d4 Nf6 2. c4 e6 3. Nc3 Bb4 4. g3 d5 5. Bg2 0-0 6. Nf3 dxc4 7. 0-0 Nc6 8. a3 Bxc3 9. bxc3 Bd7 10. Rb1 Rb8 11. Qc2 Qe7 12. Rd1 Rfd8 13. e4 e5 14. dxe5 Nxe5 15. Nxe5 Qxe5 16. Bf4 Qa5 17. Qd2 Ne8 18. e5 c6 19. e6 Bxe6 20. Bxb8 Rxd2 21. Rxd2 h6 22. Bf4 Nf6 23. Rxb7 Qxa3 24. Bxc6 Bh3 25. Rd1 Qxc3 26. Rxa7 Qc2 27. Rc1 Qe2 28. Be3 c3 29. Ra4 c2 30. Rd4 Bf5 31. h3 Bxh3 32. Rd2 Qh5 33. Rcxc2 Bg4 34. Rc5 Qg6 35. Rd4 Bf5 36. Bf3 Ne4 37. Rxf5 1-0

[Event "RUS-chT blitz"]
[Site "Sochi"]
[Date "2016.10.07"]
[Round "2.5"]
[White "Alekseev, Evgeny V"]
[Black "Kurbedinov, Ramis"]
[Result "1-0"]
[WhiteElo "2636"]
[BlackElo "2318"]
[PlyCount "105"]
[EventDate "2016.10.07"]
[EventType "team-swiss (blitz)"]
[EventRounds "15"]
[EventCountry "RUS"]
[SourceTitle "EXT 2017"]
[Source "ChessBase"]
[SourceDate "2016.10.25"]
[SourceVersion "1"]
[SourceVersionDate "2016.10.25"]
[SourceQuality "1"]
[WhiteTeam "St Petersburg SDYUSSHOR"]
[BlackTeam "Krymstar Crimea"]
[WhiteTeamCountry "RUS"]
[BlackTeamCountry "RUS"]

1. e4 e5 2. Nf3 Nc6 3. Bc4 Nf6 4. d3 Be7 5. 0-0 d6 6. c3 0-0 7. Bb3 h6 8. h3 Be6 9. Bc2 d5 10. Be3 dxe4 11. dxe4 Qxd1 12. Rxd1 Rfd8 13. Nbd2 Nh5 14. b4 a6 15. a4 Nf4 16. Kf1 f6 17. Bb3 Kf7 18. Bxf4 exf4 19. b5 axb5 20. axb5 Ne5 21. Bxe6+ Kxe6 22. Nd4+ Kf7 23. Ke2 Bc5 24. N2f3 Nxf3 25. Kxf3 Rxa1 26. Rxa1 Bxd4 27. cxd4 Rxd4 28. Ra7 Rb4 29. Rxb7 Kg6 30. Kxf4 Rb2 31. Kg3 h5 32. h4 Kh6 33. Kf3 Rb3+ 34. Kf4 Kg6 35. f3 Rb2 36. g4 hxg4 37. Kxg4 Rg2+ 38. Kf4 Rb2 39. Kg3 Rb1 40. f4 Rg1+ 41. Kf2 Rb1 42. Ke3 Rb3+ 43. Kd4 Rb1 44. Kd5 Kh5 45. e5 fxe5 46. fxe5 Kxh4 47. e6 g5 48. e7 Rd1+ 49. Kc6 Re1 50. Rxc7 g4 51. Kd7 Rd1+ 52. Kc8 Re1 53. Kd8 1-0

[Event "RUS-chT blitz"]
[Site "Sochi"]
[Date "2016.10.07"]
[Round "4.3"]
[White "Kurbedinov, Ramis"]
[Black "Fedoseev, Vladimir1111"]
[Result "1/2-1/2"]
[WhiteElo "2318"]
[BlackElo "2665"]
[PlyCount "104"]
[EventDate "2016.10.07"]
[EventType "team-swiss (blitz)"]
[EventRounds "15"]
[EventCountry "RUS"]
[SourceTitle "EXT 2017"]
[Source "ChessBase"]
[SourceDate "2016.10.25"]
[SourceVersion "1"]
[SourceVersionDate "2016.10.25"]
[SourceQuality "1"]
[WhiteTeam "Krymstar Crimea"]
[BlackTeam "Bulbasaur Samara Region"]
[WhiteTeamCountry "RUS"]
[BlackTeamCountry "RUS"]

1. d4 Nf6 2. c4 c5 3. d5 e6 4. Nc3 exd5 5. cxd5 d6 6. Nf3 a6 7. a4 Bf5 8. Nd2 Qe7 9. g3 h5 10. h3 g6 11. Bg2 Bg7 12. 0-0 Qd7 13. h4 0-0 14. Nc4 Qc7 15. Bf4 Ne8 16. e4 Bg4 17. f3 Bc8 18. Bg5 b6 19. a5 bxa5 20. Nxa5 Nf6 21. Kh2 Nbd7 22. Nc6 Bb7 23. Na5 Rfb8 24. Bf4 Ne8 25. Nc4 Nb6 26. Na5 Nf6 27. Qd2 Nfd7 28. Ra2 Ne5 29. Bxe5 Bxe5 30. f4 Bg7 31. e5 f5 32. Nc6 Re8 33. e6 Bxc3 34. bxc3 Bxc6 35. dxc6 Rxe6 36. Bd5 Nxd5 37. Qxd5 Qf7 38. Rd1 a5 39. c7 Rc8 40. Rxa5 Rxc7 41. Ra8+ Kg7 42. Kh3 Rb7 43. Rd8 Rb2 44. Rxd6 Ree2 45. Qxf7+ Kxf7 46. Rd7+ Re7 47. Rxe7+ Kxe7 48. Rd5 Rb5 49. c4 Ra5 50. Kg2 Ke6 51. Kh3 Ke7 52. Kg2 Ke6 1/2-1/2

[Event "RUS-ch Higher League 69th"]
[Site "Kolomna"]
[Date "2016.06.29"]
[Round "7"]
[White "Kurbedinov, Ramis"]
[Black "Rodin, Dmitrij"]
[Result "0-1"]
[WhiteElo "2327"]
[BlackElo "2371"]
[PlyCount "56"]
[EventDate "2016.06.22"]
[EventType "swiss"]
[EventRounds "9"]
[EventCountry "RUS"]
[SourceTitle "CBM 174"]
[Source "ChessBase"]
[SourceDate "2016.09.13"]
[SourceVersion "1"]
[SourceVersionDate "2016.09.13"]
[SourceQuality "1"]

1. d4 Nf6 2. c4 e6 3. Nc3 Bb4 4. e3 0-0 5. Bd3 c5 6. Nge2 cxd4 7. exd4 d5 8. 0-0 Nc6 9. a3 dxc4 10. Bxc4 Bd6 11. h3 Bd7 12. Bg5 Be7 13. Rc1 Rc8 14. Ba2 Nd5 15. Bxe7 Ndxe7 16. Qd3 Ng6 17. Ne4 Nce7 18. Rxc8 Qxc8 19. Rc1 Qb8 20. Bb1 Bc6 21. h4 Nf5 22. g3 Rd8 23. h5 Ne5 24. Qc3 Nxd4 25. Nxd4 Rxd4 26. Ng5 Qd8 27. Bxh7+ Kh8 28. f4 Qd5 0-1

[Event "UKR-chT 14th"]
[Site "Alushta"]
[Date "2007.04.23"]
[Round "2.5"]
[White "Kurbedinov, Ramis"]
[Black "Efimenko, Zahar"]
[Result "0-1"]
[WhiteElo "2395"]
[BlackElo "2635"]
[PlyCount "70"]
[EventDate "2007.04.22"]
[EventType "team-tourn"]
[EventRounds "9"]
[EventCountry "UKR"]
[SourceTitle "EXT 2019"]
[Source "ChessBase"]
[SourceDate "2018.10.10"]
[SourceVersion "1"]
[SourceVersionDate "2018.10.10"]
[SourceQuality "1"]
[WhiteTeam "Simferopol Crimean Engin and Pedagog"]
[BlackTeam "Kiev Keystone"]
[WhiteTeamCountry "UKR"]
[BlackTeamCountry "UKR"]

1. d4 Nf6 2. Bg5 g6 3. Bxf6 exf6 4. e4 Bg7 5. Nf3 0-0 6. Bd3 c5 7. c3 cxd4 8. Nxd4 Nc6 9. Nxc6 dxc6 10. 0-0 h5 11. Na3 Bh6 12. Qf3 Kg7 13. h3 Qc7 14. Rfd1 Bf4 15. Nc4 Be6 16. g3 Bh6 17. Bf1 h4 18. g4 b5 19. Ne3 Rad8 20. Rd4 Qb6 21. Nc2 c5 22. Rxd8 Rxd8 23. Ne3 Rd2 24. c4 Rxb2 25. cxb5 c4 26. a4 Rb3 27. Re1 Qa5 28. Qd1 Bxe3 29. Rxe3 Qxa4 30. Qd4 Rxe3 31. Qxe3 Qxb5 32. Qxa7 Qc6 33. Qe3 c3 34. e5 fxe5 35. Qxe5+ Kh7 0-1

[Event "UKR-chT 13th"]
[Site "Alushta"]
[Date "2006.04.22"]
[Round "8.2"]
[White "Kurbedinov, Ramis"]
[Black "Shalimov, Valery"]
[Result "1-0"]
[WhiteElo "2378"]
[BlackElo "2430"]
[PlyCount "121"]
[EventDate "2006.04.15"]
[EventType "team-tourn"]
[EventRounds "9"]
[EventCountry "UKR"]
[SourceTitle "EXT 2019"]
[Source "ChessBase"]
[SourceDate "2018.10.10"]
[SourceVersion "1"]
[SourceVersionDate "2018.10.10"]
[SourceQuality "1"]
[WhiteTeam "Simferopol Crimean Engin and Pedagog"]
[BlackTeam "Kharkov Law Academy"]
[WhiteTeamCountry "UKR"]
[BlackTeamCountry "UKR"]

1. d4 d5 2. c4 c6 3. Nf3 Nf6 4. Nc3 e6 5. Bg5 h6 6. Bxf6 Qxf6 7. e3 Nd7 8. Bd3 dxc4 9. Bxc4 g6 10. 0-0 Bg7 11. e4 0-0 12. e5 Qe7 13. Qe2 Rd8 14. Rac1 Nb6 15. Bb3 Bd7 16. Ne4 Be8 17. Rfd1 Nd5 18. Nfd2 Rab8 19. Nc4 Nb6 20. Ne3 Nd5 21. g3 h5 22. a3 Nxe3 23. Qxe3 Rbc8 24. Ba2 Rc7 25. b4 Rcc8 26. Bc4 Ra8 27. Rb1 Rab8 28. h4 Kf8 29. Be2 Rd5 30. Bf3 Rdd8 31. Qc3 Rbc8 32. Rbc1 Ra8 33. Rb1 Rac8 34. Kg2 Ra8 35. Rb3 Rac8 36. Qc5 b6 37. Qxe7+ Kxe7 38. Rc3 Rc7 39. Nd6 Rxd6 40. exd6+ Kxd6 41. Rc4 b5 42. Rc5 a5 43. Rc2 axb4 44. axb4 Ra7 45. Kf1 Ra4 46. Rdc1 Ra6 47. Rd1 Ra4 48. Rdc1 Ra6 49. Rd1 Ra4 50. Rb1 Bxd4 51. Rbc1 Ra6 52. Bg2 e5 53. f4 f6 54. Be4 f5 55. Bg2 Kc7 56. fxe5 Bxe5 57. Re2 Bxg3 58. Rxe8 Bd6 59. Rg8 Bxb4 60. Rg7+ Kd6 61. Rxc6+ 1-0

[Event "UKR-chT 13th"]
[Site "Alushta"]
[Date "2006.04.20"]
[Round "6.4"]
[White "Kurbedinov, Ramis"]
[Black "Kryvoruchko, Yuriy"]
[Result "0-1"]
[WhiteElo "2378"]
[BlackElo "2521"]
[PlyCount "76"]
[EventDate "2006.04.15"]
[EventType "team-tourn"]
[EventRounds "9"]
[EventCountry "UKR"]
[SourceTitle "EXT 2019"]
[Source "ChessBase"]
[SourceDate "2018.10.10"]
[SourceVersion "1"]
[SourceVersionDate "2018.10.10"]
[SourceQuality "1"]
[WhiteTeam "Simferopol Crimean Engin and Pedagog"]
[BlackTeam "Lwiw Ivan Franko University"]
[WhiteTeamCountry "UKR"]
[BlackTeamCountry "UKR"]

1. d4 Nf6 2. c4 c5 3. d5 b5 4. Nf3 b4 5. a4 d6 6. Nbd2 g6 7. b3 Bg7 8. Bb2 0-0 9. Qc2 e5 10. dxe6 Bxe6 11. e3 Nc6 12. Bd3 Qe7 13. 0-0 Rfd8 14. Ne4 Nxe4 15. Bxe4 Bxb2 16. Qxb2 d5 17. cxd5 Bxd5 18. Bxd5 Rxd5 19. Rad1 Rad8 20. Rxd5 Rxd5 21. Rc1 Qd6 22. g3 Rd3 23. Qc2 Rc3 24. Qb2 Qd3 25. Ne1 Rxc1 26. Qxc1 Qxb3 27. Qxc5 Qxa4 28. Kg2 b3 29. Qc3 Qb5 30. Nd3 a5 31. h4 a4 32. h5 gxh5 33. e4 a3 34. Nf4 b2 35. Nd5 b1Q 36. Nf6+ Kf8 37. Nxh7+ Ke7 38. Qf6+ Ke8 0-1